| 000 | 00718 a2200217 4500 | ||
|---|---|---|---|
| 999 |
_c3703 _d3703 |
||
| 003 | Nust | ||
| 005 | 20170105101223.0 | ||
| 008 | 161124b xxu||||| |||| 00| 0 eng d | ||
| 020 | _a8120311833 | ||
| 020 | _a9788120311831 | ||
| 040 |
_a0 _c0 |
||
| 082 | _2338.9 | ||
| 100 | 1 | _aMc, Grath. | |
| 245 | 1 | 0 |
_aTraining for life and leadership in industry / _cGrath Mc. |
| 260 |
_a[S.l.] : _bPrentice-Hall of India Pvt.Ltd, _c2004. |
||
| 300 |
_a1 v. (unpaged) ; _c23 cm. |
||
| 500 | _aPaperback. | ||
| 856 | 4 | 0 |
_3Amazon.com _uhttp://www.amazon.com/exec/obidos/ASIN/8120311833/chopaconline-20 |
| 856 | 4 | 0 |
_3Amazon customer reviews _uhttp://www.chopac.org/cgi-bin/tools/azrev.pl?q=8120311833 |
| 942 |
_cBK _k338.9 MCG _2ddc |
||